[Event "Stuttgart-chB"]
[Site "Stuttgart"]
[Date "2003.??.??"]
[Round "?"]
[White "Siegmann, Harald"]
[Black "Haeberlein, Guenther"]
[Result "1-0"]
[WhiteElo "1690"]
[BlackElo "1820"]
[PlyCount "35"]
[EventDate "2003.??.??"]
[EventType "swiss"]
[EventRounds "9"]
[EventCountry "GER"]
[SourceTitle "EXT 2007"]
[Source "ChessBase"]
[SourceDate "2006.11.23"]
[SourceVersion "1"]
[SourceVersionDate "2006.11.23"]
[SourceQuality "1"]

1. e4 d5 2. exd5 Nf6 3. Nc3 Nxd5 4. Bc4 c6 5. Qf3 e6 6. Nh3 Be7 7. 0-0 Nd7 8. d4 Bf6 9. Re1 0-0 10. Bd3 g6 11. Bh6 Bg7 12. Bg5 Qb6 13. Ne4 Qxd4 14. Nf4 Nxf4 15. Qxf4 e5 16. Qh4 f5 17. Be3 Qd5 18. Ng5 1-0